000 01094nam a2200289 a 4500
001 000005365
005 20200929151644.0
008 090819s2005 es 001 0 spa d
020 _a8400083814
040 _aDO-SdBNP
_bspa
_cBNPHU
082 _axxxx
_bO969t
100 1 _aOvidio Nasón, Publio
_d43 a.c.-17 d.c.
_915210
240 1 0 _aTristia
_lEspañol-Latín
245 1 0 _aTristezas /
_cPublio Ovidio Nasón ; introducción, edición crítica, traducción y notas de Eulogio Baeza Angulo.
260 _aMadrid, España :
_bConsejo Superior de Investigaciones Científicas,
_c2005.
300 _axcii, 193 P. ;
_c22 cm.
490 1 _aAlma mater ;
490 1 _aAutores griegos y latinos ;
500 _aIncluye índice
500 _aIncluye referencias bibliográficas y notas al pie de las páginas
504 _aBibliografía : p 58 -88
546 _aTexto en griego y traducción paralela en español, introducción en español
700 1 2 _aBaeza Angulo, Eulogio,
_etr.
_915211
830 0 _aAlma mater ;
_9807
830 0 _aAutores griegos y latinos ;
_915129
049 _aBNPD
999 _c5165
_d5165